[Event "2. Bundesliga Ost 2019/2020"]
[Site "alle Wien"]
[Date "2020.01.19"]
[Round "7"]
[Board "4"]
[White "Strodl, Joachim"]
[Black "Fabi-Zojer, Stefan"]
[Result "0-1"]
[WhiteElo "2165"]
[BlackElo "2178"]
[PlyCount "92"]
[EventDate "2019.10.19"]
[EventType "team"]
[EventRounds "11"]
[EventCountry "AUT"]
[WhiteTeam "ASVOE Mattersburg"]
[BlackTeam "SK Advisory Invest Baden"]

1. Nf3 d5 2. g3 Nf6 3. Bg2 Bg4 4. c4 c6 5. cxd5 Bxf3 6. Bxf3 cxd5 7. Qb3 Qc8 8.
Nc3 e6 9. O-O Nc6 10. Bg2 Be7 11. d3 O-O 12. Bg5 h6 13. Bxf6 Bxf6 14. e3 Qd7
15. d4 Rfc8 16. Rfc1 Be7 17. Bf1 a6 18. Qd1 b5 19. a3 Na5 20. Bd3 Nc4 21. Qe2
f5 22. g4 fxg4 23. Rd1 Rf8 24. Bxc4 bxc4 25. Qxg4 Rf5 26. f4 e5 27. Kh1 exd4
28. Rxd4 Bc5 29. e4 Bxd4 30. exf5 Bf6 31. Qf3 Rd8 32. Rd1 d4 33. Qe4 Re8 34.
Qd5+ Qf7 35. Qxf7+ Kxf7 36. Nd5 d3 37. Nb6 Re4 38. Kg2 Re2+ 39. Kf3 Rc2 40. Ke4
Bxb2 41. Kd5 c3 42. Nc4 d2 43. Ne5+ Kf8 44. Rg1 Rc1 45. Nd7+ Kf7 46. Ne5+ Kg8
 0-1

[Event "2. Bundesliga Ost 2019/2020"]
[Site "alle Wien"]
[Date "2020.01.19"]
[Round "7"]
[Board "5"]
[White "Hofegger, Jakob"]
[Black "Salamon, Werner"]
[Result "1/2-1/2"]
[WhiteElo "2177"]
[BlackElo "2149"]
[PlyCount "103"]
[EventDate "2019.10.19"]
[EventType "team"]
[EventRounds "11"]
[EventCountry "AUT"]
[WhiteTeam "SK Advisory Invest Baden"]
[BlackTeam "ASVOE Mattersburg"]

1. Nf3 Nf6 2. g3 d5 3. Bg2 Bf5 4. O-O e6 5. d3 h6 6. Nbd2 Be7 7. Qe1 O-O 8. b3
c5 9. Ne5 Nc6 10. Nxc6 bxc6 11. Bb2 Nd7 12. e4 Bg6 13. Rb1 Qa5 14. a4 Bf6 15.
Nf3 Qxe1 16. Rfxe1 Bxb2 17. Rxb2 Rab8 18. Rbb1 Rb4 19. Nd2 Rfb8 20. Rbd1 Kf8
21. h3 Nf6 22. f3 Ne8 23. Kf2 Nd6 24. Bf1 R4b7 25. f4 c4 26. f5 exf5 27. e5 Ne8
28. bxc4 Nc7 29. cxd5 Rb2 30. d6 Nd5 31. Rb1 Nc3 32. Rxb2 Rxb2 33. Rc1 Ke8 34.
Nc4 Ra2 35. a5 Kd7 36. Ke3 f6 37. Kd2 Nb5 38. Re1 Bf7 39. exf6 Bxc4 40. Re7+
Kxd6 41. dxc4 gxf6 42. Rh7 Nd4 43. Rxa7 Nb3+ 44. Kc3 Rxa5 45. Rxa5 Nxa5 46. c5+
Kxc5 47. Bd3 Nb7 48. Bxf5 Nd6 49. Bg6 Kd5 50. Kd3 Ke5 51. Ke3 Nc4+ 52. Kd3
 1/2-1/2

[Event "2. Bundesliga Ost 2019/2020"]
[Site "alle Wien"]
[Date "2020.01.19"]
[Round "7"]
[Board "6"]
[White "Wiedner, Robert"]
[Black "Herndlbauer, Martin"]
[Result "1-0"]
[WhiteElo "2113"]
[BlackElo "2047"]
[PlyCount "73"]
[EventDate "2019.10.19"]
[EventType "team"]
[EventRounds "11"]
[EventCountry "AUT"]
[WhiteTeam "ASVOE Mattersburg"]
[BlackTeam "SK Advisory Invest Baden"]

1. c4 Nf6 2. g3 c6 3. Qa4 d5 4. cxd5 Bd7 5. d6 exd6 6. Bg2 d5 7. Nf3 c5 8. Qc2
Nc6 9. O-O Be7 10. d3 O-O 11. a3 Bg4 12. Nbd2 Qd7 13. Re1 Rfe8 14. b3 Bf8 15.
Bb2 d4 16. Rac1 Rad8 17. a4 Nd5 18. Nc4 g6 19. Qd2 b6 20. h4 Bg7 21. Kh2 Re7
22. Ba3 Rde8 23. Ng1 Nc3 24. e4 dxe3 25. fxe3 Nd5 26. Nh3 Ndb4 27. Nf4 h6 28.
d4 g5 29. hxg5 hxg5 30. Nh3 Qf5 31. Rh1 Nxd4 32. exd4 Re2 33. Rce1 Rxe1 34.
Rxe1 Rxe1 35. Qxe1 Bxh3 36. Qe8+ Kh7 37. Be4  1-0

[Event "2. Bundesliga Ost 2019/2020"]
[Site "alle Wien"]
[Date "2020.01.19"]
[Round "7"]
[Board "1"]
[White "Lipka, Juraj"]
[Black "Polak, Tomas"]
[Result "1/2-1/2"]
[WhiteElo "2405"]
[BlackElo "2527"]
[PlyCount "56"]
[EventDate "2019.10.19"]
[EventType "team"]
[EventRounds "11"]
[EventCountry "AUT"]
[WhiteTeam "ASVOE Pamhagen"]
[BlackTeam "SK Hietzing"]

1. Nf3 Nf6 2. c4 e6 3. g3 d5 4. Bg2 Be7 5. O-O O-O 6. d4 c6 7. Nc3 Nbd7 8. b3
b6 9. Nd2 Bb7 10. e4 Rc8 11. Bb2 Qc7 12. Re1 dxe4 13. Ndxe4 Rfd8 14. Qc2 Nxe4
15. Nxe4 c5 16. dxc5 Nxc5 17. Qc3 Bf8 18. Nxc5 bxc5 19. Rad1 Bxg2 20. Kxg2 Rd7
21. Qf3 Rcd8 22. Bc3 Rxd1 23. Rxd1 Rxd1 24. Qxd1 Qb7+ 25. Qf3 Qa6 26. Qe2 Qc6+
27. Qf3 Qa6 28. Qe2 Qc6+  1/2-1/2

[Event "2. Bundesliga Ost 2019/2020"]
[Site "alle Wien"]
[Date "2020.01.19"]
[Round "7"]
[Board "2"]
[White "Penz, Harald"]
[Black "Volkmann, Friedrich Karl"]
[Result "1/2-1/2"]
[WhiteElo "2278"]
[BlackElo "2403"]
[PlyCount "85"]
[EventDate "2019.10.19"]
[EventType "team"]
[EventRounds "11"]
[EventCountry "AUT"]
[WhiteTeam "SK Hietzing"]
[BlackTeam "ASVOE Pamhagen"]

1. e4 Nf6 2. e5 Nd5 3. d4 d6 4. c4 Nb6 5. exd6 exd6 6. Nc3 Be7 7. Nf3 Bg4 8.
Be2 O-O 9. O-O Re8 10. b3 Bf6 11. Be3 d5 12. c5 Nc8 13. h3 Bxf3 14. Bxf3 Ne7
15. Qd3 c6 16. Bf4 Nd7 17. b4 Nf8 18. g3 Ne6 19. Be3 g6 20. g4 Qc7 21. Ne2 Bg5
22. Bg2 Nf4 23. Nxf4 Bxf4 24. Rfe1 Kf8 25. Re2 Ng8 26. Rae1 Nf6 27. Qd2 Bxe3
28. Rxe3 Rxe3 29. Qxe3 Re8 30. Qh6+ Kg8 31. Rxe8+ Nxe8 32. Qe3 Ng7 33. b5 Ne6
34. a4 Qf4 35. Qxf4 Nxf4 36. b6 a5 37. Bf1 Ne6 38. Ba6 Nd8 39. Bd3 g5 40. f3 h6
41. Kf2 f6 42. Bf5 Kf8 43. Bc8  1/2-1/2

[Event "2. Bundesliga Ost 2019/2020"]
[Site "alle Wien"]
[Date "2020.01.19"]
[Round "7"]
[Board "3"]
[White "Vitouch, Anatol"]
[Black "Djeno, Drago"]
[Result "1-0"]
[WhiteElo "2286"]
[BlackElo "2322"]
[PlyCount "123"]
[EventDate "2019.10.19"]
[EventType "team"]
[EventRounds "11"]
[EventCountry "AUT"]
[WhiteTeam "ASVOE Pamhagen"]
[BlackTeam "SK Hietzing"]

1. c4 c5 2. g3 g6 3. Bg2 Bg7 4. Nc3 Nc6 5. Nf3 Nf6 6. d4 cxd4 7. Nxd4 O-O 8.
O-O Qa5 9. Nb3 Qh5 10. e4 Qxd1 11. Rxd1 d6 12. c5 dxc5 13. Nxc5 e5 14. Nd5 Nd4
15. Bg5 Nxd5 16. exd5 Bg4 17. Nxb7 Rab8 18. d6 h6 19. Be7 Rfe8 20. Rd2 Bf8 21.
Bxf8 Rxf8 22. Na5 Rb5 23. Nc6 Nf3+ 24. Bxf3 Bxf3 25. d7 Bxc6 26. d8=Q Rxd8 27.
Rxd8+ Kg7 28. Rd2 a5 29. Rc1 Bf3 30. Rdc2 a4 31. Kf1 g5 32. Ke1 Kf6 33. Kd2 Kf5
34. Ke3 g4 35. h4 f6 36. Rd2 Rb4 37. Rc7 Re4+ 38. Kd3 Re1 39. Rc4 Bd5 40. Rxa4
Rc1 41. Rc2 Rd1+ 42. Kc3 Bf3 43. Rd2 Rc1+ 44. Kb4 h5 45. Ra3 Ra1 46. Ra6 Ke4
47. Rxf6 Rxa2 48. Rh6 Ra8 49. Rxh5 Rb8+ 50. Kc5 Rc8+ 51. Kb6 Rc4 52. Rh8 Bg2
53. h5 Kf5 54. h6 Rc6+ 55. Kb5 Kg6 56. b4 Re6 57. Rhd8 Kxh6 58. R8d6 Rxd6 59.
Rxd6+ Kg5 60. Kc5 Kf5 61. b5 e4 62. Kd4  1-0

[Event "2. Bundesliga Ost 2019/2020"]
[Site "alle Wien"]
[Date "2020.01.19"]
[Round "7"]
[Board "4"]
[White "Mozny, Milos"]
[Black "Alvir, Aco"]
[Result "1/2-1/2"]
[WhiteElo "2256"]
[BlackElo "2338"]
[PlyCount "61"]
[EventDate "2019.10.19"]
[EventType "team"]
[EventRounds "11"]
[EventCountry "AUT"]
[WhiteTeam "SK Hietzing"]
[BlackTeam "ASVOE Pamhagen"]

1. d4 Nf6 2. Nf3 g6 3. g3 Bg7 4. Bg2 O-O 5. c4 d6 6. Nc3 c6 7. O-O Qa5 8. h3
Be6 9. Nd2 Qb6 10. d5 cxd5 11. cxd5 Bd7 12. Nb3 Rc8 13. Be3 Qd8 14. Qd2 Be8 15.
Bd4 a5 16. Ne4 Nxe4 17. Bxe4 Bxd4 18. Nxd4 Nd7 19. Rfc1 Qb6 20. Bg2 Nf6 21. b3
Bd7 22. Qe3 Qd8 23. Rxc8 Rxc8 24. Rc1 Kf8 25. Qh6+ Kg8 26. Qe3 Ne8 27. h4 Nf6
28. Bf3 h5 29. Rxc8 Bxc8 30. Qc3 Bd7 31. Nc2  1/2-1/2

[Event "2. Bundesliga Ost 2019/2020"]
[Site "alle Wien"]
[Date "2020.01.19"]
[Round "7"]
[Board "5"]
[White "Franzen, Jozef"]
[Black "Wagner, Leopold Franziskus"]
[Result "1-0"]
[WhiteElo "2238"]
[BlackElo "2098"]
[PlyCount "91"]
[EventDate "2019.10.19"]
[EventType "team"]
[EventRounds "11"]
[EventCountry "AUT"]
[WhiteTeam "ASVOE Pamhagen"]
[BlackTeam "SK Hietzing"]

1. e4 e6 2. d4 d5 3. Nd2 Nf6 4. e5 Nfd7 5. f4 c5 6. c3 Nc6 7. Ndf3 cxd4 8. cxd4
Bb4+ 9. Bd2 Qb6 10. Bxb4 Qxb4+ 11. Qd2 a6 12. Rc1 Nb6 13. Qxb4 Nxb4 14. a3 Nc6
15. Bd3 Bd7 16. Ne2 Na5 17. Nd2 Rc8 18. Rxc8+ Bxc8 19. Kf2 Bd7 20. Rc1 Ba4 21.
Rc5 Nc6 22. b3 Nd7 23. bxa4 Nxc5 24. dxc5 f6 25. exf6 gxf6 26. Ke3 Ke7 27. Nd4
Nd8 28. N2f3 Kd7 29. g3 Nf7 30. Bf1 e5 31. Bh3+ Kc7 32. Nb3 Re8 33. Bf5 Nh6 34.
Bxh7 Ng4+ 35. Kd2 e4 36. Nh4 Nxh2 37. Nf5 Rh8 38. Bg6 Ng4 39. Nbd4 Rh2+ 40. Kc3
e3 41. Bf7 Nf2 42. Nxe3 Ne4+ 43. Kb3 Nxc5+ 44. Kb4 b6 45. Nxd5+ Kb7 46. Nxf6
 1-0

[Event "2. Bundesliga Ost 2019/2020"]
[Site "alle Wien"]
[Date "2020.01.19"]
[Round "7"]
[Board "6"]
[White "Janetschek, Karl"]
[Black "Lovrinovic, Christian"]
[Result "1-0"]
[WhiteElo "2236"]
[BlackElo "2137"]
[PlyCount "61"]
[EventDate "2019.10.19"]
[EventType "team"]
[EventRounds "11"]
[EventCountry "AUT"]
[WhiteTeam "SK Hietzing"]
[BlackTeam "ASVOE Pamhagen"]

1. e4 c5 2. Nf3 d6 3. d4 cxd4 4. Nxd4 Nf6 5. Nc3 g6 6. f3 Bg7 7. Be3 O-O 8. Bc4
Nc6 9. Bb3 Bd7 10. Qd2 Rc8 11. O-O-O Nxd4 12. Bxd4 b5 13. Qe3 a5 14. a4 b4 15.
Nb5 Qe8 16. Qe2 Rb8 17. Bc4 Qc8 18. Kb1 Be6 19. Bxe6 Qxe6 20. b3 Rfc8 21. Ka2
Rb7 22. Rhe1 Nd7 23. Bxg7 Kxg7 24. Rd5 Rc5 25. Qd2 Kg8 26. f4 Rxd5 27. exd5 Qf6
28. Qd4 Qh4 29. Re2 Nc5 30. Nxd6 Rc7 31. Ne8  1-0

[Event "2. Bundesliga Ost 2019/2020"]
[Site "alle Wien"]
[Date "2020.01.19"]
[Round "7"]
[Board "1"]
[White "Mikes, Jan"]
[Black "Gstach, Jakob"]
[Result "1-0"]
[WhiteElo "2355"]
[BlackElo "2301"]
[PlyCount "85"]
[EventDate "2019.10.19"]
[EventType "team"]
[EventRounds "11"]
[EventCountry "AUT"]
[WhiteTeam "SG Mistelbach/Altlichtenwarth"]
[BlackTeam "mpimmo Wien - SK Ottakring"]

1. e4 e5 2. Nf3 Nc6 3. d4 exd4 4. Nxd4 Bb4+ 5. c3 Bc5 6. Be3 Bb6 7. Be2 Nf6 8.
Nxc6 bxc6 9. Bxb6 axb6 10. e5 Nd5 11. O-O d6 12. c4 Ne7 13. Qd4 Ra5 14. exd6
Qxd6 15. Qxd6 cxd6 16. Rd1 d5 17. b4 Ra7 18. cxd5 Nxd5 19. b5 Nf4 20. Bf1 cxb5
21. Bxb5+ Bd7 22. Nc3 Bxb5 23. Nxb5 Ra5 24. Nd6+ Ke7 25. Nc4 Ra6 26. g3 Rc8 27.
Nd6 Ne2+ 28. Kf1 Rc2 29. Nf5+ Kf6 30. Ne3 Rcxa2 31. Rd6+ Ke5 32. Nc4+ Kf5 33.
Re1 b5 34. Rxa6 Rxa6 35. Ne3+ Ke4 36. Rxe2 Kd3 37. Rb2 Rb6 38. Rb4 Rb7 39. h4
h5 40. Kg2 Ke2 41. Nc2 Kd2 42. Nd4 Kc3 43. Rxb5  1-0

[Event "2. Bundesliga Ost 2019/2020"]
[Site "alle Wien"]
[Date "2020.01.19"]
[Round "7"]
[Board "2"]
[White "Peyrer, Konstantin"]
[Black "Bures, Jaroslav"]
[Result "1/2-1/2"]
[WhiteElo "2286"]
[BlackElo "2388"]
[PlyCount "67"]
[EventDate "2019.10.19"]
[EventType "team"]
[EventRounds "11"]
[EventCountry "AUT"]
[WhiteTeam "mpimmo Wien - SK Ottakring"]
[BlackTeam "SG Mistelbach/Altlichtenwarth"]

1. c4 c6 2. Nf3 d5 3. g3 Nf6 4. Bg2 Bf5 5. O-O Nbd7 6. cxd5 cxd5 7. d3 e6 8.
Nc3 Bb4 9. e4 dxe4 10. dxe4 Nxe4 11. Nxe4 Bxe4 12. Qd4 Bxf3 13. Bxf3 Qf6 14.
Qxf6 Nxf6 15. Bxb7 Rb8 16. Bc6+ Ke7 17. Be3 Rbc8 18. Rfc1 Rc7 19. Rc4 Bd6 20.
b4 Nd7 21. b5 Ne5 22. Ra4 Nxc6 23. bxc6 Rhc8 24. Rb1 Rxc6 25. Rxa7+ R8c7 26.
Rxc7+ Bxc7 27. Rb7 e5 28. a4 Ke6 29. Rb5 Ra6 30. Rb7 Bd8 31. Rb4 h5 32. f4 f6
33. fxe5 fxe5 34. Kg2  1/2-1/2

[Event "2. Bundesliga Ost 2019/2020"]
[Site "alle Wien"]
[Date "2020.01.19"]
[Round "7"]
[Board "3"]
[White "Groetz, Harald"]
[Black "Steindl, Johannes"]
[Result "1/2-1/2"]
[WhiteElo "2312"]
[BlackElo "2278"]
[PlyCount "60"]
[EventDate "2019.10.19"]
[EventType "team"]
[EventRounds "11"]
[EventCountry "AUT"]
[WhiteTeam "SG Mistelbach/Altlichtenwarth"]
[BlackTeam "mpimmo Wien - SK Ottakring"]

1. Nf3 Nf6 2. g3 g6 3. b3 Bg7 4. Bb2 d6 5. d4 c5 6. e3 Ne4 7. Bg2 O-O 8. O-O
Nc6 9. Nfd2 Nxd2 10. Qxd2 d5 11. c3 cxd4 12. cxd4 Be6 13. b4 Qb6 14. a3 a5 15.
Nc3 axb4 16. Nxd5 Bxd5 17. Bxd5 b3 18. Qc3 Ra5 19. Bg2 e5 20. Rfd1 exd4 21.
exd4 Ra4 22. Bxc6 bxc6 23. Rac1 Rd8 24. Qxc6 Qxc6 25. Rxc6 Bf8 26. Rb6 Bxa3 27.
Rxb3 Bxb2 28. Rxb2 Raxd4 29. Rxd4 Rxd4 30. Rb7 Rd1+  1/2-1/2

[Event "2. Bundesliga Ost 2019/2020"]
[Site "alle Wien"]
[Date "2020.01.19"]
[Round "7"]
[Board "4"]
[White "Steiner, Adam"]
[Black "Hofmann, Thomas"]
[Result "1-0"]
[WhiteElo "2215"]
[BlackElo "2228"]
[PlyCount "49"]
[EventDate "2019.10.19"]
[EventType "team"]
[EventRounds "11"]
[EventCountry "AUT"]
[WhiteTeam "mpimmo Wien - SK Ottakring"]
[BlackTeam "SG Mistelbach/Altlichtenwarth"]

1. d4 Nf6 2. Bf4 c5 3. d5 Qb6 4. Nc3 Qxb2 5. Bd2 Qb6 6. e4 d6 7. f4 g6 8. e5
dxe5 9. fxe5 Nfd7 10. Nf3 Bg7 11. Rb1 Qd8 12. e6 fxe6 13. Ng5 Ne5 14. Bb5+ Kf8
15. O-O+ Bf6 16. Qe1 Nf7 17. Nxe6+ Bxe6 18. Qxe6 a6 19. Bc4 b5 20. Ne4 Nd7 21.
d6 bxc4 22. Rb7 Nde5 23. Nxf6 Qxd6 24. Bh6+ Nxh6 25. Ne4+  1-0

[Event "2. Bundesliga Ost 2019/2020"]
[Site "alle Wien"]
[Date "2020.01.19"]
[Round "7"]
[Board "5"]
[White "Vrana, Frantisek"]
[Black "Plank, Franz"]
[Result "1/2-1/2"]
[WhiteElo "2254"]
[BlackElo "2172"]
[PlyCount "70"]
[EventDate "2019.10.19"]
[EventType "team"]
[EventRounds "11"]
[EventCountry "AUT"]
[WhiteTeam "SG Mistelbach/Altlichtenwarth"]
[BlackTeam "mpimmo Wien - SK Ottakring"]

1. e4 d5 2. exd5 Qxd5 3. Nc3 Qe5+ 4. Nge2 c6 5. d4 Qa5 6. g3 Nf6 7. Bg2 Bf5 8.
Bd2 Qd8 9. O-O e6 10. h3 h5 11. Bg5 Be7 12. Re1 Nbd7 13. Nf4 Nb6 14. a4 a5 15.
Nce2 Nfd5 16. Bxe7 Nxe7 17. Nc1 Bg6 18. h4 Nbd5 19. Nxg6 Nxg6 20. Nd3 Nge7 21.
Nc5 b6 22. Ne4 Nf5 23. c3 Rc8 24. Qf3 Kf8 25. Rad1 g6 26. Ng5 Qd6 27. c4 Nf6
28. c5 Qb8 29. Re5 Nd5 30. Qe2 Kg7 31. Nf3 Rhd8 32. Re4 Nf6 33. Rf4 Nd5 34. Re4
Nf6 35. Rf4 Nd5  1/2-1/2

[Event "2. Bundesliga Ost 2019/2020"]
[Site "alle Wien"]
[Date "2020.01.19"]
[Round "7"]
[Board "6"]
[White "Mayrhuber, Tobias"]
[Black "Gasa, Andrej"]
[Result "0-1"]
[WhiteElo "2031"]
[BlackElo "2213"]
[PlyCount "88"]
[EventDate "2019.10.19"]
[EventType "team"]
[EventRounds "11"]
[EventCountry "AUT"]
[WhiteTeam "mpimmo Wien - SK Ottakring"]
[BlackTeam "SG Mistelbach/Altlichtenwarth"]

1. d4 f5 2. g3 Nf6 3. Bg2 g6 4. Nf3 Bg7 5. O-O O-O 6. c4 d6 7. Nc3 c6 8. Re1
Qc7 9. d5 Na6 10. Nd4 cxd5 11. cxd5 Nc5 12. Be3 Ng4 13. Bc1 Qb6 14. h3 Nxf2 15.
Kxf2 Ne4+ 16. Ke3 Nxg3 17. Kf3 Ne4 18. e3 Ng5+ 19. Ke2 f4 20. Rf1 Nxh3 21. Ne6
Bxe6 22. dxe6 Bxc3 23. bxc3 Qb5+ 24. Ke1 Qg5 25. Qd5 Qg3+ 26. Ke2 f3+ 27. Bxf3
Ng1+ 28. Rxg1 Qxg1 29. c4 Rf5 30. Qxb7 Raf8 31. Bb2 Qh2+ 32. Kd3 Rxf3 33. Bd4
Qh4 34. Rg1 a6 35. Rg2 Rf1 36. Kc3 Rc1+ 37. Kb2 Rcf1 38. Kc3 Qe1+ 39. Kb3 Qb1+
40. Rb2 Qd3+ 41. Kb4 a5+ 42. Kxa5 Qxc4 43. Qxe7 Ra8+ 44. Kb6 Ra6+  0-1

[Event "2. Bundesliga Ost 2019/2020"]
[Site "alle Wien"]
[Date "2020.01.19"]
[Round "7"]
[Board "1"]
[White "Loeffler, Stefan"]
[Black "Nagy, Bence"]
[Result "0-1"]
[WhiteElo "2373"]
[BlackElo "2359"]
[PlyCount "90"]
[EventDate "2019.10.19"]
[EventType "team"]
[EventRounds "11"]
[EventCountry "AUT"]
[WhiteTeam "ASVOE VHS Poechlarn"]
[BlackTeam "SK Austria Wien"]

1. e4 c5 2. Nf3 d6 3. d4 cxd4 4. Nxd4 Nf6 5. f3 e5 6. Nb3 a5 7. Bb5+ Bd7 8.
Bxd7+ Nbxd7 9. a4 Be7 10. Nc3 O-O 11. O-O Qb6+ 12. Kh1 Qa6 13. Bg5 Rac8 14. Qd3
Qxd3 15. cxd3 d5 16. Rac1 d4 17. Nb5 Bb4 18. Na7 Ra8 19. Nb5 Rac8 20. h3 Nb6
21. Bxf6 gxf6 22. Na7 Ra8 23. Nb5 Nxa4 24. Rf2 Rfc8 25. Nc7 Rab8 26. Nd5 Rxc1+
27. Nxc1 Rc8 28. Na2 Kg7 29. b3 Nc3 30. Naxb4 axb4 31. Nxb4 Nd1 32. Ra2 Rc1 33.
Kh2 Rb1 34. Ra3 Ne3 35. Nd5 Rb2 36. Nxe3 dxe3 37. Kg3 Rb1 38. Ra2 Rxb3 39. f4
Rxd3 40. fxe5 fxe5 41. Rb2 e2+ 42. Kf2 Re3 43. Ke1 Rxe4 44. Rxb7 h5 45. Rb3 h4
 0-1

[Event "2. Bundesliga Ost 2019/2020"]
[Site "alle Wien"]
[Date "2020.01.19"]
[Round "7"]
[Board "2"]
[White "Hangweyrer, Manfred"]
[Black "Ganaus, Hannes"]
[Result "1/2-1/2"]
[WhiteElo "2347"]
[BlackElo "2196"]
[PlyCount "57"]
[EventDate "2019.10.19"]
[EventType "team"]
[EventRounds "11"]
[EventCountry "AUT"]
[WhiteTeam "SK Austria Wien"]
[BlackTeam "ASVOE VHS Poechlarn"]

1. Nf3 d5 2. d4 Nf6 3. e3 c6 4. Bd3 g6 5. Nbd2 Bg7 6. c4 O-O 7. O-O Bf5 8. Qb3
Bxd3 9. Qxd3 Nbd7 10. cxd5 cxd5 11. b3 Re8 12. Bb2 Qb6 13. Rfc1 Rac8 14. h3 e6
15. Rc2 Bf8 16. Rac1 Rxc2 17. Qxc2 Bd6 18. Ne5 Qa6 19. Ndf3 Nb6 20. Nd3 Rc8 21.
Nc5 Qb5 22. a4 Qe8 23. a5 Na8 24. Qd3 Rc7 25. e4 dxe4 26. Nxe4 Rxc1+ 27. Bxc1
Nxe4 28. Qxe4 Qc6 29. Qxc6  1/2-1/2

[Event "2. Bundesliga Ost 2019/2020"]
[Site "alle Wien"]
[Date "2020.01.19"]
[Round "7"]
[Board "3"]
[White "Weinzettl, Ernst"]
[Black "Sardy, Peter"]
[Result "0-1"]
[WhiteElo "2175"]
[BlackElo "2352"]
[PlyCount "84"]
[EventDate "2019.10.19"]
[EventType "team"]
[EventRounds "11"]
[EventCountry "AUT"]
[WhiteTeam "ASVOE VHS Poechlarn"]
[BlackTeam "SK Austria Wien"]

1. e4 c5 2. Nf3 e6 3. d4 cxd4 4. Nxd4 a6 5. Nd2 d6 6. Bd3 g6 7. O-O Bg7 8. c3
Nc6 9. N2b3 Nf6 10. Qe2 O-O 11. f4 Qc7 12. Kh1 Bd7 13. Nxc6 Bxc6 14. Nd4 Rfe8
15. Bd2 Rad8 16. Rae1 Bd7 17. e5 Nd5 18. c4 Ne7 19. Nf3 Bc6 20. Bc3 Nf5 21. Be4
h5 22. exd6 Rxd6 23. Be5 Bxe5 24. fxe5 Rd7 25. Bxc6 Qxc6 26. Ng5 Rd4 27. b3
Red8 28. Ne4 Kg7 29. Qf3 Rd3 30. Qf2 R8d4 31. Nd6 Rd2 32. Re2 Rxe2 33. Qxe2
Nxd6 34. exd6 Qxd6 35. Qf3 Qe7 36. Qc3 e5 37. Re1 Qg5 38. Kg1 Qf4 39. c5 h4 40.
b4 f6 41. Rf1 Qe4 42. a3 Rd3  0-1

[Event "2. Bundesliga Ost 2019/2020"]
[Site "alle Wien"]
[Date "2020.01.19"]
[Round "7"]
[Board "4"]
[White "Druckenthaner, Andreas"]
[Black "Ernst, Michael"]
[Result "1/2-1/2"]
[WhiteElo "2279"]
[BlackElo "2169"]
[PlyCount "62"]
[EventDate "2019.10.19"]
[EventType "team"]
[EventRounds "11"]
[EventCountry "AUT"]
[WhiteTeam "SK Austria Wien"]
[BlackTeam "ASVOE VHS Poechlarn"]

1. g3 d5 2. d3 e5 3. Bg2 c6 4. Nf3 Bd6 5. c4 dxc4 6. dxc4 Nf6 7. O-O O-O 8. Nc3
Qc7 9. Qc2 Re8 10. Bg5 Nbd7 11. Rad1 h6 12. Bc1 Bf8 13. h3 b6 14. b3 Bb7 15. e3
b5 16. Nd2 b4 17. Nce4 c5 18. Nxf6+ Nxf6 19. Ne4 Nxe4 20. Bxe4 Red8 21. Bb2 f6
22. Kg2 Rxd1 23. Rxd1 Bxe4+ 24. Qxe4 Rd8 25. Rd5 Rxd5 26. Qxd5+ Qf7 27. Kf3 g6
28. g4 Kg7 29. e4 Qc7 30. Ke3 g5 31. Kd3 Qa5  1/2-1/2

[Event "2. Bundesliga Ost 2019/2020"]
[Site "alle Wien"]
[Date "2020.01.19"]
[Round "7"]
[Board "5"]
[White "Batyte, Daiva"]
[Black "Newrkla, Katharina"]
[Result "0-1"]
[WhiteElo "2145"]
[BlackElo "2217"]
[PlyCount "136"]
[EventDate "2019.10.19"]
[EventType "team"]
[EventRounds "11"]
[EventCountry "AUT"]
[WhiteTeam "ASVOE VHS Poechlarn"]
[BlackTeam "SK Austria Wien"]

1. Nf3 Nf6 2. c4 g6 3. g3 Bg7 4. Bg2 O-O 5. O-O d6 6. Nc3 e5 7. d3 c6 8. e4
Nbd7 9. h3 Nc5 10. Be3 Re8 11. Rb1 Ne6 12. b4 Nd7 13. Qc1 Nd4 14. Bh6 a5 15. b5
Nc5 16. Nxd4 Nxd3 17. Qd2 Bxh6 18. Qxd3 exd4 19. Qxd4 Bg7 20. Qd3 Qc7 21. Na4
Be6 22. b6 Qe7 23. Rfd1 Rad8 24. Nc3 Qg5 25. Rbc1 Qh5 26. Ne2 Qc5 27. Qe3 Qxe3
28. fxe3 Bb2 29. Rc2 Ba3 30. Nd4 Bc5 31. Kh2 Kf8 32. Rb1 Ke7 33. h4 Ra8 34. Rc3
Ra6 35. Rc2 Kd7 36. Nxe6 Kxe6 37. Bh3+ Ke5 38. Rf2 Re7 39. Bg2 Rxb6 40. Rxb6
Bxb6 41. Re2 Bc5 42. a4 Re8 43. Rb2 Bb4 44. g4 Ke6 45. Kg3 Kd7 46. Rb1 Kc7 47.
Kf3 Bc3 48. Ke2 Bf6 49. Rh1 Re7 50. Kd3 Kb6 51. Bf3 Kc5 52. Bd1 Be5 53. Bc2 Re6
54. Rf1 Rf6 55. Rxf6 Bxf6 56. h5 Bg5 57. hxg6 fxg6 58. Bd1 Bf6 59. Bb3 h5 60.
gxh5 gxh5 61. Bd1 h4 62. Bg4 Kb4 63. Bc8 b6 64. e5 Bxe5 65. Bd7 Kxa4 66. Bxc6+
Kb3 67. Bd5 Kb2 68. Bc6 h3  0-1

[Event "2. Bundesliga Ost 2019/2020"]
[Site "alle Wien"]
[Date "2020.01.19"]
[Round "7"]
[Board "6"]
[White "Pernerstorfer, Johannes"]
[Black "Schweitzer, Werner"]
[Result "1/2-1/2"]
[WhiteElo "2041"]
[BlackElo "2035"]
[PlyCount "99"]
[EventDate "2019.10.19"]
[EventType "team"]
[EventRounds "11"]
[EventCountry "AUT"]
[WhiteTeam "SK Austria Wien"]
[BlackTeam "ASVOE VHS Poechlarn"]

1. e4 c6 2. d4 d5 3. Nc3 dxe4 4. Nxe4 Nd7 5. Qe2 Ndf6 6. c3 Nxe4 7. Qxe4 Nf6 8.
Qc2 Qc7 9. Nf3 g6 10. Bd3 Bg7 11. Bg5 a5 12. h4 Nh5 13. O-O O-O 14. Rfe1 Re8
15. Qd2 b5 16. d5 Bb7 17. Nd4 Bxd4 18. cxd4 Rad8 19. dxc6 Bxc6 20. Qc2 Qb7 21.
Be4 Rc8 22. Bxc6 Rxc6 23. Qe4 Qd7 24. d5 Rd6 25. Rad1 Nf6 26. Bxf6 Rxf6 27. Rd3
Rd6 28. Red1 Rd8 29. Re1 Re8 30. Qf3 Rf6 31. Qd1 Rd8 32. Qd2 Qa7 33. Rde3 Rd7
34. Qe2 Rfd6 35. Qxb5 Rxd5 36. Qc6 Rc5 37. Qa4 e6 38. Qf4 Rf5 39. Qc4 Qd4 40.
Qxd4 Rxd4 41. g3 Rb5 42. R1e2 Rdb4 43. b3 a4 44. bxa4 Rxa4 45. Rc2 Rba5 46.
Ree2 Kg7 47. Kg2 Ra3 48. Rb2 Kf6 49. Rec2 Ra7 50. Re2  1/2-1/2

[Event "2. Bundesliga Ost 2019/2020"]
[Site "alle Wien"]
[Date "2020.01.19"]
[Round "7"]
[Board "1"]
[White "Vlcek, Stanislav"]
[Black "Stanec, Nikolaus"]
[Result "0-1"]
[WhiteElo "2297"]
[BlackElo "2511"]
[PlyCount "80"]
[EventDate "2019.10.19"]
[EventType "team"]
[EventRounds "11"]
[EventCountry "AUT"]
[WhiteTeam "Amateure"]
[BlackTeam "SC Donaustadt"]

1. e4 c5 2. Nf3 d6 3. d4 cxd4 4. Nxd4 Nf6 5. Nc3 e6 6. g4 h6 7. h4 Nc6 8. Rg1
h5 9. gxh5 Nxh5 10. Bg5 Nf6 11. Be2 Bd7 12. h5 a6 13. Qd2 b5 14. a3 Rc8 15.
O-O-O b4 16. axb4 Nxb4 17. Kb1 Rb8 18. f4 Qb6 19. b3 Qa5 20. Bf3 Nxh5 21. Rh1
g6 22. Bxh5 Rxh5 23. Rxh5 gxh5 24. Bf6 Rc8 25. Rg1 Qc5 26. Kb2 e5 27. fxe5 dxe5
28. Nf3 Bg4 29. Rg3 Bh6 30. Ng5 Qd4 31. Qe1 Rc6 32. Nf3 Qc5 33. Bg5 Bf8 34. Nh4
a5 35. Nf5 a4 36. bxa4 Rb6 37. Kc1 Qc4 38. Ne3 Na2+ 39. Nxa2 Ba3+ 40. Kd2 Qd4#
 0-1